Score 0/66 Timer 04:00
3 Plays Today
% Correct
the
98.1%
the
98.1%
the
98.1%
the
98.1%
we
94.1%
we
94.1%
were
91.9%
were
91.9%
were
91.9%
were
91.9%
were
91.9%
a
91.9%
Those
91%
Those
91%
days.
90.9%
days.
90.9%
And
82.4%
and
82.4%
it
78.5%
like
75.1%
like
75.1%
made
75%
made.
75%
men
74.3%
men.
74.3%
us
74.2%
you
74.1%
you
74.1%
had
73.4%
that
72.6%
Parade.
72.3%
Hit
71.9%
Girls
71.5%
% Correct
girls
71.5%
Songs
68.4%
again.
67.4%
Hoover
67.1%
Herbert
66.2%
then.
65.9%
could
65.8%
Miller
65.5%
played.
65.5%
Guys
65.4%
man
65.1%
knew
64.6%
Glenn
63.4%
use
63.3%
way
62.8%
who
60%
Boy,
58.7%
no
57.9%
great.
55.1%
Gee,
54.4%
our
53.9%
old
53.7%
Mister,
53.4%
welfare
53.3%
Everybody
51.9%
need
51.6%
Didn't
51.3%
weight
50.9%
state.
50.7%
ran
50.3%
pulled
50.3%
LaSalle
49.7%
his
49.6%

You're not logged in!

Compare scores with friends on all Sporcle quizzes.
OR
Log In

Sporcle TV

Today on Sporcle TV


Watch our educational content, quiz creation guides, and fun videos on Sporcle TV.

Show Comments

Extras

Top Quizzes Today


Score Distribution

Paid Content

Your Account Isn't Verified!

In order to create a playlist on Sporcle, you need to verify the email address you used during registration. Go to your Sporcle Settings to finish the process.

Report this User

Report this user for behavior that violates our Community Guidelines.

Details: